[Event "6th K. Asrian Memorial"]
[Site "Jermuk"]
[Date "2013.06.22"]
[Round "7"]
[Board "8"]
[White "Gabuzyan, Hovhannes"]
[Black "Babujian, Levon"]
[Result "1-0"]
[WhiteElo "2533"]
[BlackElo "2488"]
[PlyCount "97"]
[EventDate "2013.06.16"]
[EventRounds "9"]
[EventCountry "ARM"]

1. g3 d5 2. d4 Nf6 3. Bg2 g6 4. c4 Bg7 5. e3 O-O 6. Ne2 dxc4 7. Na3 e5 8. O-O
exd4 9. Nxd4 c5 10. Ndb5 Nc6 11. Nxc4 Bg4 12. Qxd8 Raxd8 13. Nbd6 Be6 14. Nxb7
Bxc4 15. Nxd8 Nxd8 16. Rd1 Ng4 17. Bd2 Bxb2 18. Rab1 Bf6 19. Rbc1 Bxa2 20. Rxc5
Ne6 21. Ra5 Bb3 22. Rb1 Rd8 23. Be1 Bc2 24. Rc1 Bd3 25. Rxa7 Kg7 26. Ba5 Rb8
27. Bd5 Ng5 28. h4 Nh3+ 29. Kg2 Nhxf2 30. Rxf7+ Kh6 31. Bc7 Rb2 32. Bf4+ g5 33.
Rxf6+ Kh5 34. Be5 Re2 35. Bf7+ Bg6 36. Kf1 Rd2 37. Bc3 Rd1+ 38. Rxd1 Nxd1 39.
Bxg6+ hxg6 40. Rc6 gxh4 41. Rc5+ g5 42. gxh4 Ndxe3+ 43. Ke2 Kxh4 44. Bd2 Ng2
45. Bxg5+ Kg3 46. Rc3+ Kh2 47. Kf1 Kh1 48. Rg3 Nh2+ 49. Kf2 1-0

[Event "6th K. Asrian Memorial"]
[Site "Jermuk"]
[Date "2013.06.22"]
[Round "7"]
[Board "9"]
[White "Abdumalik, Zhansaya"]
[Black "Hayrapetyan, Hovik"]
[Result "1-0"]
[WhiteElo "2250"]
[BlackElo "2502"]
[PlyCount "87"]
[EventDate "2013.06.16"]
[EventRounds "9"]
[EventCountry "ARM"]

1. e4 c5 2. Nf3 e6 3. d4 cxd4 4. Nxd4 a6 5. Nc3 Qc7 6. Bd3 Nc6 7. Nb3 b5 8. f4
d6 9. Qf3 Bb7 10. Be3 Nf6 11. O-O Be7 12. Qh3 h5 13. Kh1 Nb4 14. a3 Nxd3 15.
cxd3 Nd7 16. Nd4 g6 17. Rac1 Qd8 18. Rc2 Rc8 19. f5 gxf5 20. exf5 e5 21. f6
Nxf6 22. Nf5 Qd7 23. Bg5 Ng8 24. Qh4 f6 25. Nxe7 Qxe7 26. Bxf6 Nxf6 27. Rxf6
Rh6 28. Rcf2 Rxf6 29. Rxf6 Bd5 30. Qxh5+ Kd7 31. Rf1 Be6 32. Qf3 Kc7 33. Nd5+
Bxd5 34. Qxd5 Kb6 35. h3 Rc5 36. Qg8 Rc2 37. Rf7 Rc8 38. Qg7 Qh4 39. b4 Qe1+
40. Kh2 Rc1 41. Qf8 Qg1+ 42. Kg3 Qe1+ 43. Kg4 Qe2+ 44. Kh4 1-0

[Event "6th K. Asrian Memorial"]
[Site "Jermuk"]
[Date "2013.06.22"]
[Round "7"]
[Board "10"]
[White "Harutyunian, Tigran K."]
[Black "Mikaelyan, Arman"]
[Result "0-1"]
[WhiteElo "2359"]
[BlackElo "2215"]
[PlyCount "82"]
[EventDate "2013.06.16"]
[EventRounds "9"]
[EventCountry "ARM"]

1. d4 Nf6 2. Nf3 c5 3. d5 e6 4. c4 b5 5. dxe6 fxe6 6. cxb5 d5 7. e3 Bd6 8. Be2
O-O 9. O-O Nbd7 10. Nbd2 Bb7 11. b3 Ng4 12. Bb2 Qe7 13. h3 Nge5 14. Nxe5 Nxe5
15. Nf3 Ng6 16. Bd3 d4 17. e4 Rf7 18. Bc1 h6 19. Nd2 Raf8 20. Nc4 Bb8 21. Qh5
Qc7 22. g3 Bxe4 23. Bxe4 Rxf2 24. Qxg6 Rxf1+ 25. Kh2 R8f2+ 26. Bg2 Qf7 27.
Qxf7+ Kxf7 28. Bb2 Rxa1 29. Bxa1 Re2 30. h4 d3 31. Kh3 d2 32. Bf3 Re1 33. Nxd2
Rxa1 34. a4 Ke7 35. Nc4 Bc7 36. Be4 Rg1 37. Bg2 Rb1 38. Nd2 Rb2 39. Ne4 Rxb3
40. Bf1 Re3 41. Bg2 c4 0-1

[Event "6th K. Asrian Memorial"]
[Site "Jermuk"]
[Date "2013.06.22"]
[Round "7"]
[Board "11"]
[White "Gasparian, Tigran"]
[Black "Petrosyan, Tigran S."]
[Result "0-1"]
[WhiteElo "2181"]
[BlackElo "2356"]
[PlyCount "84"]
[EventDate "2013.06.16"]
[EventRounds "9"]
[EventCountry "ARM"]

1. d4 d5 2. Nf3 Nf6 3. Bf4 c5 4. e3 Nc6 5. c3 Qb6 6. Qc1 Nh5 7. Be5 f6 8. dxc5
Qd8 9. Bg3 e5 10. b4 Be6 11. Nbd2 g5 12. Bb5 a6 13. Ba4 Bg7 14. e4 g4 15. Nh4
dxe4 16. Nxe4 O-O 17. O-O f5 18. Rd1 Qe7 19. Rd6 Kh8 20. Qg5 Qxg5 21. Nxg5 Bg8
22. f3 Rae8 23. fxg4 Nxg3 24. hxg3 e4 25. Rc1 fxg4 26. Bb3 Be5 27. Bxg8 Kxg8
28. Nxe4 Bxd6 29. Nxd6 Re7 30. Rd1 Re3 31. Kh2 Rxc3 32. Nxb7 Nxb4 33. Rd4 Nd3
34. Rxg4+ Kh8 35. Rg5 Rf1 36. Nf3 Nf2 37. Ng1 Rcc1 38. Nd6 h6 39. Rd5 Rxg1 40.
g4 Nxg4+ 41. Kg3 Rxg2+ 42. Kf3 Rf1+ 0-1

[Event "6th K. Asrian Memorial"]
[Site "Jermuk"]
[Date "2013.06.22"]
[Round "7"]
[Board "12"]
[White "Kotanjian, Tigran"]
[Black "Barseghyan, Harutyun"]
[Result "1-0"]
[WhiteElo "2529"]
[BlackElo "1988"]
[PlyCount "79"]
[EventDate "2013.06.16"]
[EventRounds "9"]
[EventCountry "ARM"]

1. d4 Nf6 2. c4 c5 3. Nf3 cxd4 4. Nxd4 b6 5. Nc3 Bb7 6. f3 e6 7. e4 d6 8. Be2
Be7 9. O-O O-O 10. Be3 a6 11. Qd2 Qc7 12. Rac1 Nbd7 13. Rfd1 Rac8 14. Bf1 Rfe8
15. a3 Qb8 16. b4 Bd8 17. Kh1 Bc7 18. Na4 d5 19. c5 b5 20. Nb2 e5 21. Nf5 Bc6
22. Bg5 Re6 23. exd5 Nxd5 24. Bd3 N5f6 25. Be4 Nxe4 26. fxe4 f6 27. Bh6 g6 28.
Qe3 Nf8 29. Qb3 Rce8 30. Ng7 Bxe4 31. c6 R8e7 32. Nxe6 Nxe6 33. Nd3 Kh8 34. Nf2
Nd4 35. Rxd4 exd4 36. Nxe4 Bf4 37. Qf3 g5 38. g3 Rxe4 39. Qxe4 Bxc1 40. Qe7 1-0

[Event "6th K. Asrian Memorial"]
[Site "Jermuk"]
[Date "2013.06.22"]
[Round "7"]
[Board "13"]
[White "Basencyan, Mark"]
[Black "Minasian, Artashes"]
[Result "1/2-1/2"]
[WhiteElo "2143"]
[BlackElo "2505"]
[PlyCount "63"]
[EventDate "2013.06.16"]
[EventRounds "9"]
[EventCountry "ARM"]

1. d4 e6 2. c4 d5 3. Nc3 f5 4. g3 Nf6 5. Bg2 c6 6. cxd5 exd5 7. Nh3 Be7 8. O-O
O-O 9. Rb1 a5 10. a3 Ne4 11. Nf4 Bd6 12. f3 Nxc3 13. bxc3 g5 14. Nd3 f4 15. g4
Nd7 16. e4 fxe3 17. Bxe3 Bxa3 18. Qd2 Be7 19. h3 a4 20. f4 gxf4 21. Bxf4 a3 22.
Bh6 Rxf1+ 23. Rxf1 a2 24. Ra1 Qe8 25. Rxa2 Rxa2 26. Qxa2 Qg6 27. Qe2 Bd6 28.
Bf4 Bf8 29. Bg3 Nf6 30. Nf4 Qe8 31. Qxe8 Nxe8 32. Nd3 1/2-1/2

[Event "6th K. Asrian Memorial"]
[Site "Jermuk"]
[Date "2013.06.22"]
[Round "7"]
[Board "14"]
[White "Mkrtchian, Lilit"]
[Black "Bakunts, Rafael"]
[Result "1/2-1/2"]
[WhiteElo "2466"]
[BlackElo "2257"]
[PlyCount "132"]
[EventDate "2013.06.16"]
[EventRounds "9"]
[EventCountry "ARM"]

1. d4 Nf6 2. c4 g6 3. Nc3 Bg7 4. e4 d6 5. h3 O-O 6. Bg5 a6 7. Nf3 Nbd7 8. e5
Ne8 9. exd6 cxd6 10. Qd2 Ndf6 11. Bd3 Nc7 12. O-O b5 13. Rfe1 Bb7 14. d5 e6 15.
cxb5 axb5 16. Nxb5 Nxb5 17. Bxb5 Bxd5 18. a4 Qb6 19. Qd4 Qxd4 20. Nxd4 Ne4 21.
Be3 f5 22. f3 Nc5 23. Bf2 Kf7 24. b4 Na6 25. Rac1 Bh6 26. Rc2 Rfb8 27. Nxe6
Bxe6 28. Bxa6 Rxa6 29. Rc7+ Kg8 30. Rxe6 Rxa4 31. b5 Ra1+ 32. Kh2 Ra2 33. Bg3
Rb2 34. Rxd6 R2xb5 35. Rdd7 Re8 36. Rxh7 Bf8 37. Rhf7 Re6 38. Rfd7 Rc5 39. Rxc5
Bxc5 40. Bf4 Re7 41. Rd5 Bf2 42. Be5 Kf7 43. g4 fxg4 44. hxg4 Bh4 45. Kh3 Bf6
46. Bxf6 Kxf6 47. Kh4 Rh7+ 48. Kg3 Ra7 49. Rd6+ Kg7 50. Kh4 Rf7 51. Rd3 Kh6 52.
Kg3 g5 53. Rd5 Re7 54. Kf2 Kg6 55. Rd6+ Kg7 56. Rd3 Kf6 57. Rd4 Re8 58. Re4 Ra8
59. Re3 Ra2+ 60. Re2 Ra8 61. Rd2 Re8 62. Rd6+ Kg7 63. Ra6 Re7 64. Ra4 Kf6 65.
Re4 Ra7 66. Kg3 Ra2 1/2-1/2

[Event "6th K. Asrian Memorial"]
[Site "Jermuk"]
[Date "2013.06.22"]
[Round "7"]
[Board "15"]
[White "Gevorgyan, Maria"]
[Black "Gharagyozyan, Artur"]
[Result "0-1"]
[WhiteElo "2135"]
[BlackElo "2260"]
[PlyCount "162"]
[EventDate "2013.06.16"]
[EventRounds "9"]
[EventCountry "ARM"]

1. e4 c5 2. Nc3 d6 3. Bc4 Nf6 4. f4 Nc6 5. Nf3 e6 6. O-O Be7 7. d3 O-O 8. e5
dxe5 9. fxe5 Nxe5 10. Nxe5 Qd4+ 11. Kh1 Qxe5 12. Bf4 Qh5 13. Qd2 Bd7 14. Rae1
Qg6 15. d4 cxd4 16. Qxd4 Bc6 17. Qd2 Rfd8 18. Bd3 Qg4 19. Qf2 Bc5 20. Be3 Bxe3
21. Rxe3 Kh8 22. Ne2 Qh5 23. Nf4 Qc5 24. Qe2 h6 25. Re5 Qd4 26. c3 Qd6 27. Re3
Rd7 28. Rg3 Rg8 29. Qe3 e5 30. Ne2 e4 31. Bc4 b5 32. Bb3 Qd2 33. Nd4 Qxe3 34.
Rxe3 Rc8 35. h3 a6 36. Nxc6 Rxc6 37. a4 Rd2 38. axb5 axb5 39. Bxf7 Rxb2 40. Bg6
Rc8 41. Rd1 Rb3 42. Rd4 Kg8 43. Bxe4 Nxe4 44. Rexe4 Rbxc3 45. Re7 Rg3 46. Kh2
Rg6 47. Rdd7 Rc5 48. g4 Rc2+ 49. Kg3 Rc3+ 50. Kh4 Rg5 51. Rb7 Rcc5 52. Re8+ Kh7
53. Ree7 Kg8 54. Re8+ Kh7 55. Re6 Rge5 56. Rd6 Rg5 57. Ra6 Rcd5 58. Re6 Rg6 59.
Re8 h5 60. Re3 hxg4 61. hxg4 Rd4 62. Rg3 b4 63. Rb5 Rh6+ 64. Kg5 Rg6+ 65. Kh5
Rf6 66. Kg5 Rc4 67. Rh3+ Kg8 68. Rb8+ Rf8 69. Rxf8+ Kxf8 70. Rb3 Rc5+ 71. Kf4
Rb5 72. Ke4 Kf7 73. Kd3 Kf6 74. Ke4 Kg5 75. Kf3 Rb7 76. Kg3 Kf6 77. Kf4 Rb8 78.
g5+ Kg6 79. Kg4 Rb7 80. Kh4 Rb5 81. Kg4 Rxg5+ 0-1

[Event "6th K. Asrian Memorial"]
[Site "Jermuk"]
[Date "2013.06.23"]
[Round "8"]
[Board "1"]
[White "Hovhannisyan, Robert"]
[Black "Gorovets, Andrey"]
[Result "1/2-1/2"]
[WhiteElo "2610"]
[BlackElo "2470"]
[PlyCount "98"]
[EventDate "2013.06.16"]
[EventRounds "9"]
[EventCountry "ARM"]

1. e4 c5 2. Nf3 e6 3. g3 Nc6 4. Bg2 Nf6 5. Qe2 d5 6. exd5 Nxd5 7. O-O Be7 8.
Rd1 O-O 9. d4 cxd4 10. Nxd4 Nxd4 11. Rxd4 Bd7 12. c4 Qb6 13. Rd3 Qc7 14. Rxd5
exd5 15. Qxe7 Rfe8 16. Qb4 a5 17. Qd2 dxc4 18. Nc3 Bc6 19. Bf1 Rad8 20. Qf4 Qb6
21. Rb1 Qb4 22. Be3 b5 23. Bb6 Ra8 24. Qd4 Qe7 25. Rd1 Bf3 26. Ra1 Qg5 27. h4
Qf5 28. Bg2 Bxg2 29. Kxg2 b4 30. Nd5 Re4 31. Qxc4 Rae8 32. Qd3 Qe5 33. Rd1 h6
34. Bxa5 Qxb2 35. Qd2 Re2 36. Qxb2 Rxb2 37. Nxb4 Ra8 38. Rd5 Rxa5 39. Rxa5 Rxb4
40. h5 g6 41. hxg6 fxg6 42. Ra7 h5 43. a3 Rb3 44. a4 Rb2 45. a5 Ra2 46. Kf1 g5
47. f4 gxf4 48. gxf4 Ra4 49. f5 Rf4+ 1/2-1/2

[Event "6th K. Asrian Memorial"]
[Site "Jermuk"]
[Date "2013.06.23"]
[Round "8"]
[Board "2"]
[White "Fier, Alexandr"]
[Black "Baghdasaryan, Vahe"]
[Result "1/2-1/2"]
[WhiteElo "2609"]
[BlackElo "2387"]
[PlyCount "115"]
[EventDate "2013.06.16"]
[EventRounds "9"]
[EventCountry "ARM"]

1. e4 c5 2. Nf3 e6 3. d4 cxd4 4. Nxd4 a6 5. Nc3 Qc7 6. Be2 Nc6 7. Be3 Nf6 8. a3
Be7 9. g4 d6 10. g5 Nd7 11. h4 b5 12. Nxc6 Qxc6 13. Qd4 Rg8 14. O-O-O Bb7 15.
Kb1 Rc8 16. f3 Ne5 17. Qd2 Nc4 18. Bxc4 Qxc4 19. Qh2 f6 20. Rhg1 e5 21. Nd5
Bxd5 22. Rxd5 f5 23. Rgd1 fxe4 24. f4 exf4 25. Bxf4 Rf8 26. c3 Kf7 27. Qh3 Rce8
28. h5 Kg8 29. Qe6+ Kh8 30. h6 Rxf4 31. hxg7+ Kxg7 32. Qh6+ Kg8 33. g6 Rh4 34.
Rh5 Rxh5 35. Qxh5 hxg6 36. Qxg6+ Kf8 37. Rh1 Bh4 38. Qxd6+ Kf7 39. Qd7+ Re7 40.
Qf5+ Bf6 41. Rh6 Re6 42. Rh7+ Ke8 43. Rh6 e3 44. Rxf6 Rxf6 45. Qxf6 Qe4+ 46.
Kc1 e2 47. Qh8+ Kd7 48. Qg7+ Kc6 49. Qf6+ Kb7 50. Qf7+ Kb6 51. Qf2+ Ka5 52. Kd2
Qb1 53. b4+ Ka4 54. Qxe2 Qa2+ 55. Kd1 Qa1+ 56. Kd2 Kxa3 57. Qd1 Qxd1+ 58. Kxd1
1/2-1/2

[Event "6th K. Asrian Memorial"]
[Site "Jermuk"]
[Date "2013.06.23"]
[Round "8"]
[Board "3"]
[White "Postny, Evgeny"]
[Black "Andriasian, Zaven"]
[Result "1-0"]
[WhiteElo "2645"]
[BlackElo "2610"]
[PlyCount "111"]
[EventDate "2013.06.16"]
[EventRounds "9"]
[EventCountry "ARM"]

1. d4 d5 2. c4 c6 3. Nc3 Nf6 4. cxd5 cxd5 5. Bf4 Nc6 6. Nf3 a6 7. Rc1 Bf5 8. e3
Qb6 9. Bd3 Bxd3 10. Qxd3 e6 11. O-O Be7 12. Na4 Qb5 13. Qxb5 axb5 14. Nc5 Bxc5
15. Rxc5 b4 16. Ra1 O-O 17. Rb5 Ra7 18. Ne5 Nxe5 19. Bxe5 Rc8 20. f3 Nd7 21.
Bd6 Rc2 22. Rxb4 h5 23. Bg3 g5 24. a3 b6 25. Rd1 Kh7 26. Rb3 Ra8 27. Be1 Kg6
28. Kf1 g4 29. Rd2 Rac8 30. Ke2 Rc1 31. Rd1 R1c2+ 32. Rd2 Rc1 33. Rd1 R1c2+ 34.
Bd2 f5 35. Ra1 h4 36. h3 R2c6 37. Rc3 Rxc3 38. Bxc3 g3 39. Rc1 f4 40. exf4 Nf6
41. Bd2 Rxc1 42. Bxc1 Ne8 43. f5+ Kxf5 44. a4 Nd6 45. Kd3 Nc4 46. b3 Na5 47.
Kc3 e5 48. dxe5 d4+ 49. Kc2 Nc6 50. Kd3 Kxe5 51. Bg5 Nb4+ 52. Kd2 Nd5 53. Bxh4
Kf4 54. Bd8 Kf5 55. b4 Ne3 56. Bc7 1-0

[Event "6th K. Asrian Memorial"]
[Site "Jermuk"]
[Date "2013.06.23"]
[Round "8"]
[Board "4"]
[White "Melkumyan, Hrant"]
[Black "Vardanian, Hakob"]
[Result "1-0"]
[WhiteElo "2635"]
[BlackElo "2260"]
[PlyCount "67"]
[EventDate "2013.06.16"]
[EventRounds "9"]
[EventCountry "ARM"]

1. d4 d5 2. c4 Nc6 3. Nc3 e5 4. cxd5 Nxd4 5. e3 Nf5 6. Bb5+ Bd7 7. Bxd7+ Qxd7
8. Nf3 Bd6 9. e4 Nfe7 10. Qb3 b6 11. Bg5 Ng6 12. a4 h6 13. Be3 a6 14. Nd2 Nf6
15. f3 Qe7 16. Ne2 Nd7 17. Ng3 Nh4 18. O-O O-O 19. Nc4 Kh7 20. Rad1 Nc5 21. Qc2
Qd7 22. a5 bxa5 23. f4 exf4 24. e5+ Ng6 25. Rxf4 Be7 26. Rfd4 a4 27. e6 Qc8 28.
Ne5 Kh8 29. Nxg6+ fxg6 30. Rg4 Nxe6 31. dxe6 Rf6 32. Bd4 Rxe6 33. Rxg6 Bf8 34.
Rf1 1-0

[Event "6th K. Asrian Memorial"]
[Site "Jermuk"]
[Date "2013.06.23"]
[Round "8"]
[Board "5"]
[White "Ter-Sahakyan, Samvel"]
[Black "Kalashian, David"]
[Result "1-0"]
[WhiteElo "2582"]
[BlackElo "2419"]
[PlyCount "87"]
[EventDate "2013.06.16"]
[EventRounds "9"]
[EventCountry "ARM"]

1. e4 c6 2. d4 g6 3. Nc3 Bg7 4. Be3 d6 5. Qd2 Nd7 6. f4 b5 7. Nf3 Ngf6 8. Bd3
O-O 9. f5 e5 10. fxe6 fxe6 11. O-O e5 12. dxe5 dxe5 13. a4 b4 14. Na2 a5 15.
Nc1 Qe7 16. Nb3 Bb7 17. Qe2 h6 18. Nfd2 c5 19. Nc4 Bxe4 20. Bxe4 Nxe4 21. Ncxa5
Kh7 22. Rxf8 Rxf8 23. Nc4 Qe6 24. a5 Qa6 25. Qd3 Nef6 26. Nb6 Qxd3 27. cxd3
Nxb6 28. Bxc5 Rb8 29. Bxb6 e4 30. dxe4 Nxe4 31. a6 Ra8 32. a7 Nd6 33. Bc5 Nc8
34. Nd4 Kg8 35. Ra4 h5 36. b3 h4 37. Kf1 h3 38. gxh3 Be5 39. Nc6 Bc3 40. Ke2
Kf7 41. Bxb4 Bxb4 42. Rxb4 Nxa7 43. Rb7+ Kf6 44. Rxa7 1-0

[Event "6th K. Asrian Memorial"]
[Site "Jermuk"]
[Date "2013.06.23"]
[Round "8"]
[Board "6"]
[White "Petrosyan, Tigran S."]
[Black "Arutinian, David"]
[Result "1/2-1/2"]
[WhiteElo "2356"]
[BlackElo "2543"]
[PlyCount "37"]
[EventDate "2013.06.16"]
[EventRounds "9"]
[EventCountry "ARM"]

1. g3 e5 2. c4 Nf6 3. Bg2 d5 4. cxd5 Nxd5 5. Nc3 Nb6 6. Nf3 Nc6 7. O-O Be7 8.
a3 O-O 9. b4 Be6 10. Rb1 f6 11. d3 Nd4 12. Be3 Nxf3+ 13. Bxf3 c6 14. Bc5 Nd5
15. Bxe7 Qxe7 16. Rc1 Rfd8 17. Qd2 Nxc3 18. Rxc3 Bd5 19. Bxd5+ 1/2-1/2

[Event "6th K. Asrian Memorial"]
[Site "Jermuk"]
[Date "2013.06.23"]
[Round "8"]
[Board "7"]
[White "Khomeriki, Nino"]
[Black "Gabuzyan, Hovhannes"]
[Result "0-1"]
[WhiteElo "2066"]
[BlackElo "2533"]
[PlyCount "66"]
[EventDate "2013.06.16"]
[EventRounds "9"]
[EventCountry "ARM"]

1. Nf3 Nf6 2. g3 b6 3. Bg2 Bb7 4. O-O e6 5. d3 d5 6. Nbd2 Be7 7. Re1 O-O 8. c3
c5 9. Qc2 Nc6 10. e4 b5 11. e5 Nd7 12. Nf1 Qa5 13. h4 Rab8 14. Bf4 d4 15. N1h2
dxc3 16. bxc3 Rfd8 17. Rac1 c4 18. d4 b4 19. Ng5 Nf8 20. Be4 Bxg5 21. Bxg5 Rdc8
22. Ng4 bxc3 23. Qd1 c2 24. Bxc2 Nb4 25. Be4 Nd3 26. Bxd3 cxd3 27. Qxd3 Rxc1
28. Rxc1 Qd5 29. f3 h5 30. Nf2 Qxa2 31. Qe3 Bd5 32. Bf6 Ng6 33. Qg5 Qa3 0-1

[Event "6th K. Asrian Memorial"]
[Site "Jermuk"]
[Date "2013.06.23"]
[Round "8"]
[Board "9"]
[White "Chibukhchian, Artur"]
[Black "Abdumalik, Zhansaya"]
[Result "0-1"]
[WhiteElo "2450"]
[BlackElo "2250"]
[PlyCount "62"]
[EventDate "2013.06.16"]
[EventRounds "9"]
[EventCountry "ARM"]

1. d4 Nf6 2. c4 e6 3. Nc3 Bb4 4. e3 c5 5. Bd3 Nc6 6. Nf3 d5 7. O-O dxc4 8. Bxc4
O-O 9. a3 Bxc3 10. bxc3 b6 11. Re1 Ne4 12. Bd3 Ng5 13. Nxg5 Qxg5 14. e4 Qd8 15.
d5 Ne5 16. Bf1 exd5 17. exd5 Qf6 18. Ra2 Bg4 19. Qd2 Rfe8 20. Re3 Rad8 21. c4
b5 22. Bb2 bxc4 23. Qe1 Rxd5 24. f3 Bd7 25. Bxc4 Nxf3+ 26. gxf3 Qg5+ 27. Kh1
Rxe3 28. Qf1 Qe7 29. Ra1 Rh5 30. Rd1 Bc6 31. Be2 Rxe2 0-1

[Event "6th K. Asrian Memorial"]
[Site "Jermuk"]
[Date "2013.06.23"]
[Round "8"]
[Board "10"]
[White "Gharagyozyan, Artur"]
[Black "Kotanjian, Tigran"]
[Result "1-0"]
[WhiteElo "2260"]
[BlackElo "2529"]
[PlyCount "117"]
[EventDate "2013.06.16"]
[EventRounds "9"]
[EventCountry "ARM"]

1. e4 c5 2. Nf3 d6 3. d4 cxd4 4. Qxd4 Nc6 5. Bb5 Bd7 6. Bxc6 Bxc6 7. Nc3 Nf6 8.
Bg5 e6 9. O-O-O Be7 10. Kb1 O-O 11. h4 h6 12. Rh3 Qb6 13. Qd2 Bxe4 14. Bxh6
gxh6 15. Qxh6 Bg6 16. Rg3 Qxf2 17. Ne4 Qxg3 18. Nxg3 Rfc8 19. Nd4 Rc5 20. Rc1
Bf8 21. Qd2 Rac8 22. Ka1 Bg7 23. c3 b5 24. a3 a5 25. Nb3 Rd5 26. Qe1 Ra8 27.
Ne2 Re5 28. Nbd4 Bh5 29. Qf1 Bxe2 30. Nxe2 b4 31. Nd4 bxa3 32. bxa3 Ne4 33. Ka2
Rc5 34. Qd3 d5 35. Ne2 Rb8 36. g4 Rcb5 37. Rc2 a4 38. g5 Rb3 39. g6 Bf8 40.
gxf7+ Kh7 41. Ka1 Rxa3+ 42. Ra2 Rab3 43. Rxa4 Bg7 44. Ra7 Kh8 45. Nf4 Bf8 46.
Qd1 Nf6 47. Nxe6 R3b6 48. Nxf8 Rxf8 49. Qd4 Re6 50. Qf4 Nh7 51. h5 Rf6 52. Qd4
Kg7 53. Qxd5 R8xf7 54. Rxf7+ Rxf7 55. c4 Nf6 56. Qg5+ Kf8 57. h6 Ke7 58. Qe5+
Kf8 59. c5 1-0

[Event "6th K. Asrian Memorial"]
[Site "Jermuk"]
[Date "2013.06.23"]
[Round "8"]
[Board "12"]
[White "Hovhannisyan, Karen"]
[Black "Hayrapetyan, Hovik"]
[Result "0-1"]
[WhiteElo "2107"]
[BlackElo "2502"]
[PlyCount "78"]
[EventDate "2013.06.16"]
[EventRounds "9"]
[EventCountry "ARM"]

1. e4 c5 2. c3 d5 3. exd5 Qxd5 4. d4 Nf6 5. Nf3 Bg4 6. Be2 cxd4 7. cxd4 e6 8.
Nc3 Bb4 9. O-O Bxc3 10. bxc3 O-O 11. c4 Qd6 12. Qb3 Qc7 13. h3 Bh5 14. d5 Re8
15. Be3 Nbd7 16. Rfd1 e5 17. g4 Bg6 18. Nh4 Ne4 19. Nxg6 hxg6 20. Qc2 Ndc5 21.
g5 Nd6 22. Bg4 b6 23. a4 Kh7 24. a5 f5 25. gxf6 gxf6 26. Bxc5 bxc5 27. Be6 Rab8
28. h4 Rb4 29. h5 Qg7 30. Qxg6+ Qxg6+ 31. hxg6+ Kxg6 32. Ra3 f5 33. Rg3+ Kf6
34. Rh3 e4 35. Rh7 Re7 36. Rh8 Ke5 37. a6 Rb6 38. Ra1 Rg7+ 39. Kf1 Nxc4 0-1

[Event "6th K. Asrian Memorial"]
[Site "Jermuk"]
[Date "2013.06.23"]
[Round "8"]
[Board "13"]
[White "Minasian, Artashes"]
[Black "Imnadze, Nato"]
[Result "1-0"]
[WhiteElo "2505"]
[BlackElo "2059"]
[PlyCount "65"]
[EventDate "2013.06.16"]
[EventRounds "9"]
[EventCountry "ARM"]

1. g3 g6 2. Bg2 Bg7 3. e4 c5 4. d3 Nc6 5. f4 d6 6. Nf3 e6 7. O-O Nge7 8. c3 O-O
9. Be3 b6 10. Re1 Qc7 11. d4 Bb7 12. Bf2 Rad8 13. Na3 a6 14. Qe2 Rfe8 15. Rab1
cxd4 16. cxd4 d5 17. e5 h5 18. h3 Nb4 19. Qd2 Nec6 20. b3 Bf8 21. Rbc1 Qd7 22.
Nb1 a5 23. a3 Na6 24. g4 hxg4 25. hxg4 Bh6 26. Bh4 Rc8 27. Bf1 Nc7 28. Bf6 Bg7
29. Qh2 Bxf6 30. exf6 Qd8 31. g5 Qd6 32. Rxc6 Bxc6 33. Ne5 1-0

[Event "6th K. Asrian Memorial"]
[Site "Jermuk"]
[Date "2013.06.23"]
[Round "8"]
[Board "18"]
[White "Llopis De Aysa, Manuel"]
[Black "Petrosyan, Manuel"]
[Result "0-1"]
[WhiteElo "2115"]
[BlackElo "2341"]
[PlyCount "48"]
[EventDate "2013.06.16"]
[EventRounds "9"]
[EventCountry "ARM"]

1. d4 Nf6 2. c4 e6 3. Nc3 Bb4 4. Qc2 c5 5. dxc5 O-O 6. a3 Bxc5 7. Nf3 b6 8. Bf4
Bb7 9. Rd1 Nc6 10. e4 Be7 11. Be2 Rc8 12. O-O Na5 13. Nd2 Ba6 14. Qa4 d5 15.
exd5 exd5 16. b4 Bxc4 17. Nxc4 Nxc4 18. Qxa7 Nb2 19. Rd2 Rxc3 20. Rxb2 Bd6 21.
Be3 d4 22. Bxd4 Bxh2+ 23. Kxh2 Qxd4 24. Rd1 Qxf2 0-1

[Event "6th K. Asrian Memorial"]
[Site "Jermuk"]
[Date "2013.06.23"]
[Round "8"]
[Board "19"]
[White "Guo, Emma"]
[Black "Matevosyan, Sedrak"]
[Result "0-1"]
[WhiteElo "2064"]
[BlackElo "2192"]
[PlyCount "84"]
[EventDate "2013.06.16"]
[EventRounds "9"]
[EventCountry "ARM"]

1. d4 Nf6 2. c4 e6 3. Nf3 b6 4. g3 Ba6 5. b3 Bb4+ 6. Bd2 Be7 7. Nc3 d5 8. cxd5
exd5 9. Bg2 O-O 10. O-O c6 11. Re1 Nbd7 12. Rc1 Re8 13. Ne5 Nxe5 14. dxe5 Ng4
15. e6 Bc5 16. exf7+ Kxf7 17. e3 Ne5 18. b4 Bxb4 19. Qa4 Ba5 20. f4 b5 21. Qc2
Nc4 22. Nb1 Kg8 23. Bxa5 Qxa5 24. e4 d4 25. e5 Qb6 26. Kh1 Bb7 27. Nd2 Ne3 28.
Qb3+ Kh8 29. Ne4 c5 30. Rxe3 dxe3 31. Qxe3 c4 32. Qxb6 axb6 33. Nd6 Bxg2+ 34.
Kxg2 Rxa2+ 35. Kf3 Rb8 36. Nxb5 Rb2 37. Nc7 Rb3+ 38. Kf2 Rd8 39. e6 Rd2+ 40.
Kg1 Re3 41. f5 c3 42. Kf1 c2 0-1

[Event "6th K. Asrian Memorial"]
[Site "Jermuk"]
[Date "2013.06.24"]
[Round "9"]
[Board "1"]
[White "Aghasaryan, Robert"]
[Black "Hovhannisyan, Robert"]
[Result "1/2-1/2"]
[WhiteElo "2470"]
[BlackElo "2610"]
[PlyCount "28"]
[EventDate "2013.06.16"]
[EventRounds "9"]
[EventCountry "ARM"]

1. d4 Nf6 2. c4 e6 3. g3 Bb4+ 4. Nd2 O-O 5. Bg2 d5 6. Ngf3 dxc4 7. Qc2 a5 8.
Qxc4 b6 9. a3 Be7 10. Qc2 Bb7 11. O-O Nbd7 12. Rd1 a4 13. Ne5 Bxg2 14. Kxg2
Nxe5 1/2-1/2

[Event "6th K. Asrian Memorial"]
[Site "Jermuk"]
[Date "2013.06.24"]
[Round "9"]
[Board "2"]
[White "Gabuzyan, Hovhannes"]
[Black "Postny, Evgeny"]
[Result "1-0"]
[WhiteElo "2533"]
[BlackElo "2645"]
[PlyCount "105"]
[EventDate "2013.06.16"]
[EventRounds "9"]
[EventCountry "ARM"]

1. Nf3 Nf6 2. g3 b5 3. Bg2 Bb7 4. O-O e6 5. b3 Be7 6. c4 b4 7. d4 O-O 8. Nbd2
c5 9. d5 exd5 10. Nh4 g6 11. Bb2 d6 12. cxd5 Nbd7 13. e4 Ne8 14. f4 Bf6 15.
Bxf6 Ndxf6 16. Nc4 Nc7 17. e5 dxe5 18. d6 Bxg2 19. Kxg2 Ne6 20. fxe5 Nd7 21.
Qg4 Qg5 22. Qe4 Rae8 23. Rae1 Qd8 24. Nf3 Qa8 25. Nfd2 f5 26. Qxa8 Rxa8 27. Na5
Rac8 28. h3 Kg7 29. Rf2 Rf7 30. Ndc4 Nb6 31. Ne3 Rcf8 32. Nac4 Nxc4 33. Nxc4 f4
34. gxf4 Rxf4 35. Ref1 Rxf2+ 36. Rxf2 Rxf2+ 37. Kxf2 Kf7 38. Ke3 Nd8 39. Ke4
Ke6 40. Nb2 g5 41. Nd3 Nb7 42. Kf3 Nd8 43. Ke4 Nb7 44. h4 h6 45. h5 a5 46. Nb2
Nd8 47. Na4 Nb7 48. Nb6 g4 49. Nc4 Nd8 50. Kf4 Kd5 51. Kxg4 Ke4 52. d7 Ne6 53.
Nxa5 1-0

[Event "6th K. Asrian Memorial"]
[Site "Jermuk"]
[Date "2013.06.24"]
[Round "9"]
[Board "3"]
[White "Baghdasaryan, Vahe"]
[Black "Melkumyan, Hrant"]
[Result "1/2-1/2"]
[WhiteElo "2387"]
[BlackElo "2635"]
[PlyCount "75"]
[EventDate "2013.06.16"]
[EventRounds "9"]
[EventCountry "ARM"]

1. e4 e5 2. Nf3 Nc6 3. Bc4 Nf6 4. d3 h6 5. O-O d6 6. c3 g6 7. d4 Qe7 8. Re1 Bg7
9. Nbd2 O-O 10. h3 Rd8 11. Nf1 Na5 12. Bd3 c5 13. b4 cxb4 14. Qa4 b6 15. cxb4
Bd7 16. Qa3 Nc6 17. d5 Nd4 18. Nxd4 exd4 19. Bb2 Nh5 20. Ba6 Nf4 21. Rad1 Qg5
22. Qg3 b5 23. Bxd4 Bxd4 24. Rxd4 Qe5 25. Qe3 Rab8 26. a4 bxa4 27. b5 Qg5 28.
Qg3 Bxb5 29. Bxb5 Rxb5 30. Qxg5 hxg5 31. Rxa4 a5 32. Nd2 Nd3 33. Rea1 Rb2 34.
Nc4 Re2 35. Rxa5 Rxe4 36. Ra8 Ree8 37. Rxd8 Rxd8 38. Ra6 1/2-1/2